- Augé, Marc,
Entry Nombre Personal
001 - NUMERO DE CONTROL
- campo de control: 28860
003 - IDENTIFICADOR DE NUMERO DE CONTROL
- campo de control: DLC
005 - FECHA Y HORA DE LA ÜLTIMA TRANSACCIÓN
- campo de control: 20230509143255.0
008 - DATOS DE LONGITUD FIJA
- campo de control de longitud fija: 230509n| azannaabn |n aaa
010 ## - NÚMERO DE CONTROL DE LA BIBLIOTECA DEL CONGRESO
- Número de control LC: n 79114140
035 ## - NUMERO DE CONTROL
- Número de control: (OCoLC)oca00345911
040 ## - FUENTE DE CATALOGACIÓN
- Agencia original de catalogación: DLC
- Lenguaje de catalogación: spa
- Description conventions: rda
- Agencia de transcripción: DLC
- Agencia que lo modifica: DLC
- Agencia que lo modifica: InU
- Agencia que lo modifica: CoU
- Agencia que lo modifica: MX-MxUPN
046 ## - FECHAS CON CODIFICACIÓN ESPECIAL
- Fecha de nacimiento: 1935-09-02
- Fuente del formato de fecha: edtf
053 #0 - NÚMERO DE CLASIFICACIÓN LC
- Número de clasificación elemento-número único o número inicial de tramo: PQ2661.U378
100 1# - ENCABEZAMIENTO - NOMBRE PERSONAL
- Nombre personal: Augé, Marc,
- Fechas asociadas con el nombre: 1935-
370 ## - LUGAR ASOCIADO
- Associated country: Francia
372 ## - CAMPO DE ACTIVIDAD
- Field of activity: Antropología
- Fuente del término: lcsh
374 ## - OCUPACIÓN
- Occupation: Antropólogo
- Fuente del término: lcsh
377 ## - LENGUA ASOCIADA
- Language code: fre
670 ## - FUENTE EN LA QUE SE LOCALIZARON DATOS
- Cita de la fuente: En su obra: Le rivage alladian, 1969.
670 ## - FUENTE EN LA QUE SE LOCALIZARON DATOS
- Cita de la fuente: The Meaning of illness, c1991:
- Información localizada: CIP portada (Marc Augé) hoja de datos (b. 02-09-35)
670 ## - FUENTE EN LA QUE SE LOCALIZARON DATOS
- Cita de la fuente: Wikipedia, June 11, 2018
- Información localizada: (French anthropologist, b. Sept. 2, 1935)
902 ## - CATALOGADOR
- Catalogador: NDAF/090523
